00702cam a2200229 a 4500001000500000005001700005020001500022040002300037050002100060082001300081100001700094245007900111250003100190260004600221300004400267490002900311505000800340520004200348521002900390521002000419650003300439439020240819143734.0 a0836220498 aDLCcDLCdDLCbeng00aNC1429.L32b198800a741.59731 aLarson, Gary10aNight of the crash-test dummies :ba far side collection /cby Gary Larson aFirst printing , JUly 1988 aKansas City :bAndrews and McMeel ;c1988 a104 pages : billustrations ; c15 cm . aThe Far Side Collection  aK  aThe ninth collection of THE FAR SIDE. a510 bLexile estimate  aK bRaz-Plus  0acartoons and comicsvfiction